000 00598nam a2200217Ii 4500
003 JO-AjNU
008 230606s9999||||xx |||||||||||||| ||und||
020 _a0-13-175738-5
040 _aJO-AjNU
_beng
_erda
_cJO-AjNU
041 _aeng
050 1 4 _aQA76.9.A73.M36
100 3 _aMANO,M.MORRIS,
_eauthor
_9815
245 0 0 _acomputer system Architecture
250 _a3 ed
264 3 1 _aPrintic-hall International:London
300 _a524p
336 _atext
_btxt
_2rdacontent
337 _aunmediated
_bn
_2rdamedia
338 _avolume
_bnc
_2rdacarrier
650 4 _a Computer science. 
_9816
999 _aE429
_c429
_d429